Statistics for Best Actress Oscar Winners (Hard)

Click here to take the quiz!

General Stats

  • This quiz has been taken 171 times
  • The average score is 11 of 15

Answer Stats

HintAnswer% Correct
Natalie PortmanBlack Swan
96%
Liza MinnelliCabaret
88%
Kathy BatesMisery
86%
Julie AndrewsMary Poppins
84%
Julia RobertsErin Brockovich
82%
Halle BerryMonsters Ball
82%
Reese WitherspoonWalk the Line
81%
Diane KeatonAnnie Hall
79%
Jennifer LawrenceSilver Linings Playbook
78%
Ncile KidmanThe Hours
78%
Jessica TandyDriving Miss Daisy
76%
Barbra StreisandFunny Girl
74%
Audrey HepburnRoman Holiday
59%
Sophia LorenTwo Women
45%
Maggie SmithThe Prime of Miss Jean Brodie
42%

Score Distribution

Percentile by Number Answered

Percent of People with Each Score

Your Score History

You have not taken this quiz